ՀՀ Գիտությունների ազգային ակադեմիայի հիմնարար գիտական գրադարան  =   Fundamental Scientific Library of NAS RA

Волга : (Record no. 402412)

MARC details
000 -LEADER
fixed length control field 00555nam a22001817a 4500
003 - CONTROL NUMBER IDENTIFIER
control field AM-YeHGA
005 - DATE AND TIME OF LATEST TRANSACTION
control field 20250617154007.0
008 - FIXED-LENGTH DATA ELEMENTS--GENERAL INFORMATION
fixed length control field 180409s xxu||||| |||| 00| 0 rus d
040 ## - CATALOGING SOURCE
Original cataloging agency AM-YeHGA
041 0# - LANGUAGE CODE
Language code of text/sound track or separate title rus
090 ## - LOCALLY ASSIGNED LC-TYPE CALL NUMBER (OCLC); LOCAL CALL NUMBER (RLIN)
-- 404627
100 1# - MAIN ENTRY--PERSONAL NAME
Personal name Благов, Николай Николаевич
245 10 - TITLE STATEMENT
Title Волга :
Remainder of title [Поэма и стихи] /
Statement of responsibility, etc. Николай Благов
260 ## - PUBLICATION, DISTRIBUTION, ETC.
Place of publication, distribution, etc. Ульяновск :
Name of publisher, distributor, etc. Ульян. правда,
Date of publication, distribution, etc. 1957
300 ## - PHYSICAL DESCRIPTION
Extent 78 с.
653 0# - INDEX TERM--UNCONTROLLED
Uncontrolled term Русская литература
942 ## - ADDED ENTRY ELEMENTS (KOHA)
Source of classification or shelving scheme Universal Decimal Classification
Koha item type Գրքեր / Books
Holdings
Withdrawn status Lost status Source of classification or shelving scheme Damaged status Not for loan Collection Home library Current library Date acquired Total checkouts Full call number Barcode Date last seen Price effective from Koha item type Public note
    Universal Decimal Classification     General Fundamental Scientific Library Fundamental Scientific Library 09/04/2018   РД I/6306 FL0492586 09/04/2018 09/04/2018 Գրքեր / Books 30 Days Loan


ՀՀ ԳԱԱ հիմնարար գիտական գրադարան
ՀՀ,Երևան 0019
Մարշալ Բաղրամյան 24/6
հեռախոս:(374-10) 52-47-50
Հետադարձ կապ

All site content, except where otherwise noted, is licensed under a
Creative Commons License